000 00328nam a2200133Ia 4500
008 230312s9999||||xx |||||||||||||| ||und||
020 _a0-500-28860-3
082 _a307.76
_bHUD-A
100 _aHudson;Thames
245 0 _aAsia beyond growth
260 _bORD
_achina
_c2010
650 _aArchitecture
_vArchitecture
942 _cBK
999 _c12647
_d12647